|
|
|
|
| LEADER |
00647nam a2200193Ia 4500 |
| 001 |
CTU_38327 |
| 008 |
210402s9999 xx 000 0 und d |
| 020 |
|
|
|b 27.000đ
|
| 082 |
|
|
|a 428.24
|
| 082 |
|
|
|b Q6
|
| 100 |
|
|
|a Randolph Quirk
|
| 245 |
|
2 |
|a A university grammar of English
|
| 245 |
|
0 |
|c Randolph Quirk, Sidney Greenbaum
|
| 260 |
|
|
|a Hà Nội
|
| 260 |
|
|
|b GTVT
|
| 260 |
|
|
|c 2000
|
| 650 |
|
|
|a english grammar - study and teaching,english language - grammar,english language - study and teaching,english language - textbooks for foreign speakers
|
| 904 |
|
|
|i Minh, 001013
|
| 980 |
|
|
|a Trung tâm Học liệu Trường Đại học Cần Thơ
|